Những vấn đề cơ bản của triết học /

Gardado en:
Detalles Bibliográficos
Autor Principal: Frost, S.E., Jr
Formato: Libro
Idioma:Vietnamese
Publicado: Bách khoa 2008
Các nhãn: Engadir etiqueta
Sen Etiquetas, Sexa o primeiro en etiquetar este rexistro!
Thư viện lưu trữ: Mạng thư viện Đại học Đà Nẵng
LEADER 00669nam a2200265 4500
001 000027336
003 FR-S
005 20150403120000.0
008 150403s vm 000 vie
020 |c 0,0000 
040 |a notts 
100 |a Frost, S.E., Jr 
245 |a Những vấn đề cơ bản của triết học /  |c S. E. Frost ; biên dịch Đông Hương, Kiến Văn. 
260 |b Bách khoa  |c 2008 
OWN |a LTT 
999 |a From the UDN01 
TYP |a Monograph 
TYP |a Printed language 
980 |a Mạng thư viện Đại học Đà Nẵng